000 00375nam a22001697a 4500
003 UA-OsUOA
001 5066
007 ta
008 20050721b un ||||| |||| 00| 0 ukr d
100 _aKittler
700 _aGlenn D.
942 _cBK
040 _aUA-OsUOA
_cUA-OsUOA
_dUA-OsUOA
245 _aLet's Travel in the Congo.
_bCountry Studies
955 _a2
650 7 _2UDC
999 _c291228
_d291228